NFL Top 100 (2024) - Statistics

General Stats
  • This quiz has been taken 213 times
  • The average score is 76 of 100
Answer Stats
Ranking Answer % Correct
2 (Ravens) (QB) Lamar Jackson
99%
4 (Chiefs) (QB) Patrick Mahomes
99%
1 (Dolphins) (WR) Tyreek Hill
99%
3 (49ers) (RB) Christian McCaffrey
98%
54 (Commanders) (DT) Jonathan Allen
97%
12 (Bills) (QB) Josh Allen
97%
35 (Jaguars) (LB) Josh Hines-Allen
97%
51 (Chargers) (WR) Keenan Allen
97%
9 (Chiefs) (TE) Travis Kelce
97%
23 (Lions) (WR) Amon-Ra St. Brown
96%
14 (49ers) (TE) George Kittle
96%
13 (Cowboys) (WR) CeeDee Lamb
95%
20 (Texans) (QB) C.J. Stroud
95%
16 (Cowboys) (QB) Dak Prescott
95%
15 (Eagles) (QB) Jalen Hurts
95%
18 (Vikings) (WR) Justin Jefferson
95%
21 (Eagles) (WR) A.J. Brown
94%
28 (49ers) (QB) Brock Purdy
94%
39 (Bengals) (QB) Joe Burrow
94%
5 (Browns) (DE) Myles Garrett
94%
48 (Lions) (QB) Jared Goff
93%
34 (Packers) (QB) Jordan Love
93%
95 (Seahawks) (S) Julian Love
93%
26 (Buccaneers) (WR) Mike Evans
93%
6 (Chiefs) (DT) Chris Jones
92%
30 (49ers) (WR) Deebo Samuel
92%
42 (Rams) (QB) Matthew Stafford
92%
27 (49ers) (DE) Nick Bosa
92%
36 (Dolphins) (QB) Tua Tagovailoa
92%
40 (Raiders) (WR) Davante Adams
91%
90 (Eagles) (WR) DeVonta Smith
91%
93 (Vikings) (S) Harrison Smith
91%
45 (Bengals) (WR) Ja'Marr Chase
91%
78 (Rams) (RB) Kyren Williams
91%
32 (Jets) (LB) Quincy Williams
91%
37 (Jets) (DT) Quinnen Williams
91%
19 (Ravens) (LB) Roquan Smith
91%
56 (Bills) (WR) Stefon Diggs
91%
7 (49ers) (OT) Trent Williams
91%
69 (Rams) (WR) Cooper Kupp
90%
33 (Rams) (WR) Puka Nacua
90%
8 (Steelers) (LB) T.J. Watt
90%
49 (Titans) (RB) Derrick Henry
89%
25 (Dolphins) (CB) Jalen Ramsey
89%
10 (Raiders) (DE) Maxx Crosby
89%
24 (Giants) (DT) Dexter Lawrence
87%
17 (Cowboys) (LB) Micah Parsons
87%
38 (Jets) (CB) Sauce Gardner
87%
94 (Jaguars) (QB) Trevor Lawrence
87%
66 (49ers) (WR) Brandon Aiyuk
86%
11 (49ers) (LB) Fred Warner
86%
92 (Jets) (QB) Aaron Rodgers
82%
63 (Dolphins) (WR) Jaylen Waddle
82%
75 (Chargers) (QB) Justin Herbert
80%
81 (Vikings) (QB) Kirk Cousins
79%
22 (Lions) (OT) Penei Sewell
79%
86 (Giants) (RB) Saquon Barkley
79%
47 (Lions) (DE) Aidan Hutchinson
78%
72 (Jets) (WR) Garrett Wilson
78%
84 (Seahawks) (WR) DK Metcalf
77%
97 (Commanders) (WR) Terry McLaurin
76%
70 (Browns) (WR) Amari Cooper
75%
52 (Broncos) (CB) Patrick Surtain II
75%
80 (Lions) (TE) Sam LaPorta
75%
41 (Eagles) (OT) Lane Johnson
74%
60 (Dolphins) (RB) Raheem Mostert
74%
29 (Chargers) (LB) Khalil Mack
72%
53 (Cowboys) (OG) Zack Martin
69%
43 (Ravens) (S) Kyle Hamilton
67%
59 (Seahawks) (LB) Bobby Wagner
66%
79 (Steelers) (S) Minkah Fitzpatrick
65%
31 (Cowboys) (CB) DaRon Bland
64%
44 (Saints) (LB) Demario Davis
64%
89 (Cardinals) (S) Budda Baker
61%
83 (Chargers) (S) Derwin James
61%
73 (Titans) (DT) Jeffrey Simmons
61%
57 (Broncos) (S) Justin Simmons
61%
74 (Falcons) (S) Jessie Bates
58%
46 (Buccaneers) (S) Antoine Winfield Jr.
57%
77 (Bengals) (DE) Trey Hendrickson
57%
55 (Panthers) (LB) Brian Burns
55%
71 (Texans) (OT) Laremy Tunsil
55%
64 (Ravens) (LB) Patrick Queen
55%
98 (Steelers) (DT) Cameron Heyward
54%
65 (Bills) (S) Jordan Poyer
54%
85 (Buccaneers) (OT) Tristan Wirfs
54%
76 (49ers) (LB) Dre Greenlaw
52%
68 (Vikings) (DE) Danielle Hunter
49%
58 (Dolphins) (DT) Christian Wilkins
47%
99 (Buccaneers) (LB) Lavonte David
43%
91 (Seahawks) (CB) Tariq Woolen
43%
87 (Eagles) (LB) Haason Reddick
42%
67 (Dolphins) (OT) Terron Armstead
42%
88 (Falcons) (OG) Chris Lindstrom
38%
50 (Packers) (DE) Rashan Gary
38%
96 (Bills) (OT) Dion Dawkins
35%
82 (Commanders) (DE) Montez Sweat
35%
62 (Dolphins) (LB) Bradley Chubb
29%
61 (Ravens) (DT) Justin Madubuike
26%
100 (Colts) (LB) Zaire Franklin
23%
No matching quizzes found
Score Distribution
Percent of People with Each Score
Percentile by Number Answered
Your Score History
You have not taken this quiz